Legal Framework for Islamic Banking Pakistan's Experience (Record no. 343694)

000 -LEADER
fixed length control field 00547 a2200181 4500
003 - CONTROL NUMBER IDENTIFIER
control field OSt
005 - DATE AND TIME OF LATEST TRANSACTION
control field 20180116182651.0
008 - FIXED-LENGTH DATA ELEMENTS--GENERAL INFORMATION
fixed length control field 160526b xxu||||| |||| 00| 0 eng d
020 ## - INTERNATIONAL STANDARD BOOK NUMBER
International Standard Book Number 0
040 ## - CATALOGING SOURCE
Transcribing agency 0
082 ## - DEWEY DECIMAL CLASSIFICATION NUMBER
Classification number 346.549082 IBP 1992
110 ## - MAIN ENTRY--CORPORATE NAME
Corporate name or jurisdiction name as entry element Institute of Banker in Pakistan
245 ## - TITLE STATEMENT
Title Legal Framework for Islamic Banking Pakistan's Experience
Statement of responsibility, etc. Institute of Banker in Pakistan
260 ## - PUBLICATION, DISTRIBUTION, ETC.
Place of publication, distribution, etc. Karachi
Name of publisher, distributor, etc. The Institute of Bankers in Pakistan
Date of publication, distribution, etc. 1992
300 ## - PHYSICAL DESCRIPTION
Extent 85p
Other physical details PB
500 ## - GENERAL NOTE
General note Paper cover
942 ## - ADDED ENTRY ELEMENTS (KOHA)
Institution code [OBSOLETE] NBS
Koha item type Book
Call number prefix 346.549082 IBP
Source of classification or shelving scheme
Holdings
Withdrawn status Lost status Damaged status Not for loan Permanent Location Current Location Date acquired Total Checkouts Full call number Barcode Date last seen Date last checked out Price effective from Koha item type
        NUST Law School (NLS) NUST Law School (NLS) 08/28/2013 1 346.549082 IBP NBSD-355 11/23/2017 08/18/2017 08/28/2013 Book
© 2023 Central Library, National University of Sciences and Technology. All Rights Reserved.